000 00389nam a2200169Ia 4500
001 18440
003 IN-NITTTR
005 20251114233214.0
008 251113s9999||||xx |||||||||||||| ||eng||
040 _beng
040 _cIN-NITTTR
041 _aeng
082 _a657.3 G93F
100 _aRadhaswamy, M.
245 0 _aFinancial statement analysis /
_cRadhaswamy, M.
942 _2ddc
_cBK
999 _c21074
_d21074